000 01095nam a2200289 i 4500
005 20220317000936.0
008 160801s2004 mx gs 001 0dspa d
020 _a9681640918
040 _aCO-BoRNBP
_bspa
_cCO-BoRNBP
_erda
082 0 4 _a467.98
_bM67e
100 1 _aMoreno de Alba, José G.
_eautor
245 1 3 _aEl español en América
_cJosé G. Moreno de Alba
250 _aTercera edición
264 1 _aMéxico
_bFondo de Cultura Económica
_c2004
300 _a248 páginas
_c21 cm
336 _atexto
_btxt
_2rdacontent
337 _asin mediación
_bn
_2rdamedia
338 _avolumen
_bnc
_2rdacarrier
490 _aSección de obras de lengua y estudios literarios
504 _aIncluye bibliografía e índice
505 1 _aLos origenes -- La influencia indígena -- La unidad de la lengua -- Zonas dialécticas y atlas lingüisticos -- La fonética -- La gramática -- El léxico
650 1 4 _aEspañol
_xHistoria
_zAmérica
_2LEMB
650 1 4 _aLenguaje y lenguas
_2LEMB
650 1 4 _aLenguas modernas
_2LEMB
650 1 4 _aEspañol
_xEscritura
_2LEMB
942 _2ddc
_cBK
999 _c5471
_d5471